| 000 | 00461nam a2200109Ia 4500 | ||
|---|---|---|---|
| 008 | 171212s9999 xx 000 0 und d | ||
| 100 | _aHempel, Susanne;Xenakis, Lea;Danz, Marjorie | ||
| 245 |
_cHempel, Susanne;Xenakis, Lea;Danz, Marjorie _aSystematic Reviews for Occupational Safety and Health Questions _bResources for Evidence Synthesis |
||
| 260 |
_bRAND Corporation _c2016 |
||
| 650 | _aHealth Sciences | ||
| 856 | _uhttp://jstor.org/stable/10.7249/j.ctt1d9nnzq | ||
| 999 |
_c352600 _d352600 |
||